000 00783nam a22001937a 4500
005 20260211125143.0
010 _aHIN-131070
020 _a9789392175688
_c225.00
035 _aHN-103416
037 _bDBAD
082 _a820.08
100 _aनगेन्द्र
_987293
245 _aकामायनी के अध्ययन की समस्याएँ /
_cनगेन्द्र
260 _aनई दिल्ली
_bनेशनल पब्लिशिंग कंपनी
_c2024
270 _a4226/1, अंसारी रोड, दरियागंज,
_bनई दिल्ली
_e110002
300 _a61पृ.
_c22सेमी (सजिल्द)
942 _2ddc
_cHN
_h820.08
_mनगेन्द्र
999 _c214800
_d214800